World Capitals Closest to Berlin - One Minute Sprint - Statistics

General Stats
  • This quiz has been taken 535 times
  • The average score is 14 of 20
Answer Stats
km capital miles % Correct
880 Paris 547
93%
518 Warsaw 322
93%
578 Amsterdam 359
90%
524 Vienna 326
90%
355 Copenhagen 221
88%
281 Prague 174
88%
754 Bern 468
86%
652 Brussels 405
86%
810 Stockholm 504
80%
603 Luxembourg 575
74%
840 Oslo 522
74%
933 London 580
71%
553 Bratislava 344
65%
689 Budapest 428
59%
661 Vaduz 410
59%
848 Riga 527
51%
820 Vilnius 509
51%
724 Ljubljana 450
42%
954 Minsk 593
40%
771 Zagreb 479
35%
No matching quizzes found
Score Distribution
Percent of People with Each Score
Percentile by Number Answered
Your Score History
You have not taken this quiz